000 00623nam a2200181Ia 4500
008 100920s9999 xx 000 0 und d
082 _b99141
_a891.464 न 07
100 _aढसाळ नामदेव.
245 _aसर्व काही समष्टीसाठी.
260 _bपरममित्र , ठाणे.
_c2007
300 _a182
_bसाधी
365 _b300
520 _aनिबंध.
630 _aसर्व काही समष्टीसाठी.
650 _aनिबंध.
730 _aसर्व काही समष्टीसाठी.
942 _cBOOK
999 _c739579
_d739576